000 00934cam a2200193 4500
001 WB3925-21
008 030703n2003 000 0 eng u
035 _a(Sirsi) u122915
245 4 _aThe quest to value
260 _c2003
490 _aRICS Press Release
_v(pr067) 2 June 2003 (2)
520 _aRICS and Manchester Business School have produced a research paper investigating the application of valuation skills to appraise business' intangible assets. "Valuing intangible assets'" concludes there should be a multidisciplinary approach to the valuation process with intangible assets divided into three areas; human, organisational and relationship. www.rics.org/ricscms/bin/show?class=PressRelease&template=/includes/showpr.html&id=952
590 _aWB
650 _aINTANGIBLE ASSETS
650 _aBUSINESS VALUATIONS
650 _aValuation
_96273
690 _aPROPERTY-PROPERTY APPRAISAL AND VALUATION
942 _n0
999 _c72996
_d72996